| 000 | 00667nam a2200193Ia 4500 | ||
|---|---|---|---|
| 008 | 151121s9999||||xx |||||||||||||| ||und|| | ||
| 082 | _a636/पाटण | ||
| 082 | _bHNW-63453 | ||
| 100 | _aपाटणकर जी। एस। | ||
| 245 | _aशेकअयांचे जोडधंदे | ||
| 260 | _b"ढवळे प्रकाशन, मुंबई।" | ||
| 260 | _c-- | ||
| 300 | _a128 | ||
| 600 | _aपाटणकर जी। एस। | ||
| 630 | _aशेकअयांचे जोडधंदे | ||
| 700 | _aपाटणकर जी। एस। | ||
| 730 | _aशेकअयांचे जोडधंदे | ||
| 942 | _cBOOK | ||
| 999 |
_c1244985 _d1244982 |
||